Every Ed Sheeran Song on the Billboard Hot 100 - Statistics

General Stats
  • This quiz has been taken 272 times
    166 since last reset
  • The average score is 14 of 39
Answer Stats
# Year Song % Correct
1 2017 Perfect
93%
1 2017 Shape Of You
93%
2 2015 Thinking Out Loud
90%
6 2017 Castle On The Hill
83%
10 2015 Photograph
70%
16 2013 The A Team
69%
53 2017 Galway Girl
66%
7 2014 Don't
63%
13 2014 Sing
62%
2 2019 I Don't Care (Justin Bieber)
61%
42 2013 Lego House
53%
59 2017 Happier
49%
13 2019 Beautiful People ft. Khalid
48%
75 2017 Supermarket Flowers
44%
49 2020 South Of The Border ft. Camila Cabello & Cardi B
42%
49 2017 Dive
36%
29 2021 Afterglow
33%
32 2013 Everything Has Changed (Taylor Swift)
33%
90 2017 Eraser
29%
96 2017 Barcelona
28%
72 2017 New Man
28%
37 2019 Antisocial (Travis Scott)
25%
25 2019 Cross Me ft. Chance The Rapper & PnB Rock
25%
87 2014 One
24%
60 2019 BLOW (Chris Stapleton & Bruno Mars)
23%
11 2018 River (Eminem)
22%
83 2017 What Do I Know?
22%
18 2018 End Game (Taylor Swift) ft. Future
19%
41 2017 How Would You Feel (Paean)
19%
57 2019 Remember The Name ft. Eminem & 50 Cent
17%
37 2014 Afire Love
16%
99 2019 Best Part Of Me ft. YEBBA
16%
93 2017 Hearts Don't Break Around Here
16%
48 2015 Lay It All On Me (Rudimental)
9%
71 2015 All About It (Hoodie Allen)
4%
91 2015 Dark Times (The Weeknd)
4%
34 2014 Make It Rain
4%
93 2014 Old School Love (Lupe Fiasco)
4%
31 2020 Those Kinda Nights (Eminem)
4%
No matching quizzes found
Score Distribution
Percent of People with Each Score
Percentile by Number Answered
Your Score History
You have not taken this quiz since the last reset